00651nam a2200181Ia 4500952014500000999001700145003000400162005001700166008004100183040000900224082001800233100004700251245006000298260004000358300000900398650002000407942004200427 00102ddc40708ISLAMaMESbMEScISLd2019-02-20g70.00l1m1o297.61 NAD/Hp31228r2020-03-19 00:00:00s2020-02-26w2019-02-20yBKzGL46R3 c22708d22708OSt20200210100119.0190216s9999||||xx |||||||||||||| ||und|| coclc a297.61bNAD/H aNadvi, Maulana Sayyid Abulhasan Ali 91895 0aHasrath Ali (R) /c Moulana Sayyid Abul Hasan Ali Nadvi bM I F Publication,aCalicut:c2004. a230p aIslamic History cBK2ddch297.61iNAD/Hk297.61mNAD/H